Statistiques concernant Six pays les plus proches - Corée du Sud

Cliquez ici pour prendre le quiz!

Statistiques générales

  • Ce quiz a été pris 118 fois
  • Le résultat moyen est 5 sur 6

Statistiques - réponses

kmpays% Correct
263Chine
98%
0Corée du Nord
98%
50Japon
95%
455Russie
74%
990Taïwan
55%
1040Mongolie
47%

Distribution des résultats

Percentile par nombre de réponses

% des personnes avec chaque résultat

Votre développement - résultats

Vous n’avez pas pris ce quiz